Fantasy Football 2019 Weekly WR1 - Statistics

General Stats
  • This quiz has been taken 4 times
  • The average score is 4 of 17
Answer Stats
Week Points WR % Correct
11 34.7 John Brown
75%
15 38.4 Julio Jones
75%
7 43.3 Marvin Jones Jr.
75%
6 43.5 Stefon Diggs
50%
9 40.2 Tyler Lockett
50%
4 41.2 Chris Godwin
25%
12 37.4 Chris Godwin
25%
3 45 Mike Evans
25%
8 42.8 Mike Evans
25%
10 37.8 Christian Kirk
0%
2 35.2 DeMarcus Robinson
0%
13 34.9 DeVante Parker
0%
14 34.1 Emmanuel Sanders
0%
17 32.8 Michael Gallup
0%
1 46.8 Sammy Watkins
0%
16 33.8 Tyler Boyd
0%
5 53.7 Will Fuller
0%
No matching quizzes found
Score Distribution
Percent of People with Each Score
Percentile by Number Answered
Your Score History
You have not taken this quiz